000 00302nam a22001217a 4500
082 _a823
_bSTI/G
245 _aGOOSEBUMP: VAMPIRE BREATH
246 _aGOOSEBUMP: VAMPIRE BREATH
_bGOOSEBUMP: VAMPIRE BREATH
260 _aNEW YORK
_bSCHOLASTIC
_c2023
300 _a72
650 _aENGLISH STORY
942 _cBK
999 _c9186
_d9186